Loreto College Library, Kolkata
WEBOPAC (ONLINE PUBLIC ACCESS CATALOGUE)

Understanding discipline and subjects (Record no. 43389)

MARC details
000 -LEADER
fixed length control field 00658nam a22002297a 4500
005 - DATE AND TIME OF LATEST TRANSACTION
control field 20230812151639.0
008 - FIXED-LENGTH DATA ELEMENTS--GENERAL INFORMATION
fixed length control field 230812b |||||||| |||| 00| 0 eng d
020 ## - ISBN | অাই এস বি এন
ISBN | অাই এস বি এন 9789389224429
PRICE Rs.1095.00
040 ## - CATALOGING SOURCE
Original cataloging agency Loreto college
041 ## - LANGUAGE CODE
Language code English
082 ## - DDC | ডিউই
Classification number | বর্গসংখ্যা 375
Book Number | গ্রন্থাঙ্ক BAN
100 ## - MAIN ENTRY--PERSONAL NAME | মুখ্য সংলেখ - ব্যাক্তিনাম
Personal name | ব্যাক্তিনাম Banerjee, Sarmila
245 ## - TITLE STATEMENT | অাখ্যা বিবরণী
Title | অাখ্যা Understanding discipline and subjects
Statement of responsibility | লেখকের দায়িত্বের বিবরণ Sarmila Banerjee, Arnab Chowdhury and Jayanta Mete
260 ## - IMPRINT | প্রকাশনা ক্ষেত্র
Place of publication | প্রকাশ স্থান New Delhi
Name of publisher | প্রকাশকের নাম Kunal books
Date of publication | প্রকাশ কাল 2019
300 ## - PHYSICAL DESCRIPTION |
Page / Vol. No | পৃষ্ঠা / খন্ড সংখ্যা 324p.
Other physical details | অনান্য বাহ্যিক বিবরণ 21cm.
504 ## - BIBLIOGRAPHY, ETC. NOTE
Bibliography, etc Includes index
650 ## - SUBJECT ADDED ENTRY--TOPICAL TERM | বিষয় শিরোনাম - মূল বিষয়
Topical term | মূল বিষয় Education - curricula
700 ## - ADDED ENTRY--PERSONAL NAME | অতিরিক্ত সংলেখ - ব্
Relator code | দায়িত্ব নির্দেশক Auth
Personal name | ব্যাক্তিনাম Chowdhury, Arnab
700 ## - ADDED ENTRY--PERSONAL NAME | অতিরিক্ত সংলেখ - ব্
Relator code | দায়িত্ব নির্দেশক Auth
Personal name | ব্যাক্তিনাম Mete,Jayanta
850 ## - HOLDING INSTITUTION
Holding institution LCBED
942 ## - ADDED ENTRY ELEMENTS (KOHA)
Koha item type Books
Holdings
Withdrawn status Lost status Source of classification Damaged status Not for loan Home library Current library Shelving location Date acquired Price Total Checkouts Full call number Accession No. Date last seen Price effective from Koha item type Coded location qualifier
    Dewey Decimal Classification     Loreto College Loreto College BEd 12/08/2023 1095.00   375 BAN 15549 47514 12/08/2023 12/08/2023 Books